| 000 -LEADER |
| fixed length control field |
01036cam a2200265 i 4500 |
| 003 - CONTROL NUMBER IDENTIFIER |
| control field |
OSt |
| 005 - DATE AND TIME OF LATEST TRANSACTION |
| control field |
20231223170425.0 |
| 008 - FIXED-LENGTH DATA ELEMENTS--GENERAL INFORMATION |
| fixed length control field |
190220s2018 si a bc 000 0 eng |
| 020 ## - INTERNATIONAL STANDARD BOOK NUMBER |
| International Standard Book Number |
9789811166808 |
| 082 ## - DEWEY DECIMAL CLASSIFICATION NUMBER |
| Edition number |
23 |
| Classification number |
709.0405 |
| Item number |
EUG |
| 245 00 - TITLE STATEMENT |
| Title |
Minimalism : |
| Remainder of title |
space, light, object / |
| Statement of responsibility, etc |
editors, Eugene Tan and Russell Storer. |
| 300 ## - PHYSICAL DESCRIPTION |
| Extent |
278 pages : |
| Other physical details |
illustrations (chiefly color) ; |
| Dimensions |
26 cm |
| 500 ## - GENERAL NOTE |
| General note |
Catalog of an exhibition held November 16, 2018 to April 14, 2019 at National Gallery Singapore in collaboration with ArtScience Museum, Singapore. |
| 504 ## - BIBLIOGRAPHY, ETC. NOTE |
| Bibliography, etc |
Includes bibliographical references. |
| 546 ## - LANGUAGE NOTE |
| Language note |
In English. |
| 650 #0 - SUBJECT ADDED ENTRY--TOPICAL TERM |
| Topical term or geographic name as entry element |
Minimal art |
| Form subdivision |
Exhibitions. |
| 650 #0 - SUBJECT ADDED ENTRY--TOPICAL TERM |
| Topical term or geographic name as entry element |
Minimal art |
| Form subdivision |
Catalogs. |
| 650 #0 - SUBJECT ADDED ENTRY--TOPICAL TERM |
| Topical term or geographic name as entry element |
Art, Modern |
| Chronological subdivision |
21st century |
| Form subdivision |
Exhibitions. |
| 650 #0 - SUBJECT ADDED ENTRY--TOPICAL TERM |
| Topical term or geographic name as entry element |
Art, Modern |
| Chronological subdivision |
21st century |
| Form subdivision |
Catalogs. |
| 700 1# - ADDED ENTRY--PERSONAL NAME |
| Personal name |
Tan, Eugene, |
| Dates associated with a name |
1972- |
| Relator term |
editor. |
| 700 1# - ADDED ENTRY--PERSONAL NAME |
| Personal name |
Storer, Russell, |
| Relator term |
editor. |
| 710 2# - ADDED ENTRY--CORPORATE NAME |
| Corporate name or jurisdiction name as entry element |
ArtScience Museum, |
| Relator term |
organizer. |
| 710 2# - ADDED ENTRY--CORPORATE NAME |
| Corporate name or jurisdiction name as entry element |
National Gallery Singapore, |
| Relator term |
organizer, |
| -- |
publisher. |
| 942 ## - ADDED ENTRY ELEMENTS (KOHA) |
| Source of classification or shelving scheme |
|